| 000 | 00424nam a2200157Ia 4500 | ||
|---|---|---|---|
| 008 | 221229s9999 xx 000 0 und d | ||
| 020 | _a9788195099306 | ||
| 082 | _a624.151 BAN | ||
| 100 |
_aBangar, K.M _914292 |
||
| 245 | 0 | _aPrinciples of engineering geology | |
| 250 | _a3rd | ||
| 260 |
_aDelhi _bStandard Publication _c2021 |
||
| 300 |
_aXI, 451p. _bRs. 250.00 |
||
| 650 |
_aEngineering geology _914293 |
||
| 942 | _cCPL | ||
| 999 |
_c194279 _d194279 |
||